000 00685 a2200181 4500
999 _c7196
_d7196
020 _a0869227696
050 _aBR151. VER 1996
100 _aVerstraelen, F. J.
_eauthor
245 _aHistory of Christianity in Africa in the context of African history :
_ba comparative assessment of four recent historiographical contributions /
_cFrans J. Verstraelen.
264 _aGweru, Zimbabwe :
_bMambo Press,
_c 2002.
300 _aviii, 46 pages ; 21 cm.
440 _aReligious and theological studies series, 4.
500 _alncludes index
650 _aChurch history.
650 _a Africa -- Historiography.
650 _aAfrica -- Church history.
942 _2lcc
_cBK
_h151
_iVER
_kBR